[Event "PRO League Prelim"]
[Site "Chess.com INT"]
[Date "2023.03.09"]
[Round "4.5"]
[White "Boyer, Mahel"]
[Black "Alboredo, Julia"]
[Result "1-0"]
[WhiteElo "2453"]
[BlackElo "2253"]
[PlyCount "121"]
[EventDate "2023.02.14"]
[EventType "team-swiss (rapid)"]
[EventRounds "5"]
[EventCountry "USA"]
[SourceTitle "CBM 213 Extra"]
[Source "ChessBase"]
[SourceDate "2023.05.31"]
[SourceVersion "1"]
[SourceVersionDate "2023.05.31"]
[SourceQuality "1"]
[WhiteTeam "Blitz"]
[BlackTeam "Brazil Capybaras"]
[WhiteTeamCountry "FRA"]
[BlackTeamCountry "BRA"]

1. e4 c5 2. d3 Nc6 3. g3 g6 4. Bg2 Bg7 5. f4 d6 6. Nf3 e6 7. 0-0 Nge7 8. c3 0-0 9. Be3 b6 10. d4 cxd4 11. cxd4 d5 12. e5 Ba6 13. Re1 Na5 14. Bf2 Rc8 15. Nc3 Nc4 16. Qe2 b5 17. Rac1 Qa5 18. a3 b4 19. axb4 Qxb4 20. Ra1 Rc6 21. Rec1 Nxe5 22. Rxa6 Nxf3+ 23. Bxf3 Rxa6 24. Qxa6 Qxb2 25. Ne2 Nf5 26. Qa1 Rb8 27. Qxa7 h5 28. Qa1 Rb3 29. Qxb2 Rxb2 30. Rc8+ Kh7 31. Rc7 Kg8 32. Rc8+ Kh7 33. Rc7 Kg8 34. Ra7 Rd2 35. Ra4 Rd3 36. Kg2 Rd2 37. Kf1 Rd1+ 38. Kg2 Rd2 39. h3 Nd6 40. Be3 Rc2 41. Ra8+ Kh7 42. Ra7 Nc4 43. Bf2 Kg8 44. Ra8+ Kh7 45. Ra7 Kg8 46. g4 hxg4 47. hxg4 g5 48. fxg5 Nd2 49. g6 fxg6 50. Nf4 Ne4 51. Bxe4 dxe4 52. Nxe6 Bf6 53. Kf1 Rc1+ 54. Ke2 Rc3 55. g5 Rc2+ 56. Ke3 Rc6 57. gxf6 Rxe6 58. f7+ Kf8 59. Bg3 Rb6 60. Kxe4 Rb8 61. Bd6+ 1-0

[Event "Paulista-chTA"]
[Site "Sao Paulo"]
[Date "2023.03.05"]
[Round "5"]
[White "Alboredo, Julia"]
[Black "Dos Santos, Gustavo Mota"]
[Result "1/2-1/2"]
[WhiteElo "2253"]
[BlackElo "1805"]
[PlyCount "101"]
[EventDate "2023.03.03"]
[EventType "team-tourn"]
[EventRounds "5"]
[EventCountry "BRA"]
[SourceTitle "CBM 213 Extra"]
[Source "ChessBase"]
[SourceDate "2023.05.31"]
[SourceVersion "1"]
[SourceVersionDate "2023.05.31"]
[SourceQuality "1"]
[WhiteTeam "Osasco"]
[BlackTeam "LXSBC"]
[WhiteTeamCountry "BRA"]
[BlackTeamCountry "BRA"]

1. e4 d6 2. d4 Nf6 3. Nc3 g6 4. f3 Bg7 5. Be3 c6 6. Qd2 b5 7. g4 h5 8. g5 Nfd7 9. f4 b4 10. Nce2 c5 11. 0-0-0 Qa5 12. Kb1 Nb6 13. Nc1 c4 14. c3 bxc3 15. Qxc3 Nc6 16. Qxa5 Nxa5 17. d5 Bg4 18. Be2 Bxe2 19. Ngxe2 Na4 20. Bd4 Bxd4 21. Rxd4 Rb8 22. b3 Nc5 23. Kc2 cxb3+ 24. axb3 Naxb3 25. Nxb3 Rxb3 26. Ra1 Rb7 27. Ra2 Kd7 28. Rc4 Rc8 29. e5 Na6 30. e6+ fxe6 31. dxe6+ Kxe6 32. Rxc8 Nb4+ 33. Kb1 Nxa2+ 34. Kxa2 Kf5 35. Rf8+ Kg4 36. Rf7 d5 37. Nd4 Rb4 38. Ne6 Re4 39. Rxe7 Kf5 40. Rxa7 Rxe6 41. Rf7+ Kg4 42. Rf6 Re2+ 43. Kb3 Rxh2 44. Rxg6 Kxf4 45. Rd6 Kxg5 46. Rxd5+ Kf4 47. Kc3 Rh3+ 48. Kd2 Kf3 49. Rf5+ Kg2 50. Rg5+ Kh2 51. Ke2 1/2-1/2

[Event "Paulista-chTA"]
[Site "Sao Paulo"]
[Date "2023.03.04"]
[Round "2"]
[White "Van Riemsdijk, Herman Claudius"]
[Black "Alboredo, Julia"]
[Result "0-1"]
[WhiteElo "2260"]
[BlackElo "2253"]
[PlyCount "124"]
[EventDate "2023.03.03"]
[EventType "team-tourn"]
[EventRounds "5"]
[EventCountry "BRA"]
[SourceTitle "CBM 213 Extra"]
[Source "ChessBase"]
[SourceDate "2023.05.31"]
[SourceVersion "1"]
[SourceVersionDate "2023.05.31"]
[SourceQuality "1"]
[WhiteTeam "Kiin Meijin"]
[BlackTeam "Osasco"]
[WhiteTeamCountry "BRA"]
[BlackTeamCountry "BRA"]

1. e4 c5 2. Nf3 Nc6 3. Nc3 d6 4. d4 cxd4 5. Nxd4 Nf6 6. Bc4 Bd7 7. Bg5 e6 8. Bb3 a6 9. f4 Qb6 10. Nf3 h6 11. Bxf6 gxf6 12. Qd2 0-0-0 13. Na4 Qa7 14. Qf2 Qxf2+ 15. Kxf2 Kc7 16. c4 Na5 17. Rhc1 Bc6 18. Nc3 Kb8 19. Ba4 Nxc4 20. Bxc6 bxc6 21. Na4 d5 22. b3 Nd6 23. Nd4 Nxe4+ 24. Kf3 c5 25. Nc6+ Kc7 26. Nxd8 Kxd8 27. Rc2 Bd6 28. Nb2 f5 29. Nd3 Ke7 30. g3 f6 31. Kg2 h5 32. Kh3 e5 33. Rf1 Ke6 34. Kg2 h4 35. Kf3 hxg3 36. hxg3 c4 37. bxc4 dxc4 38. Nb2 c3 39. Nd1 Nd2+ 40. Ke2 Nxf1 41. Kxf1 Rh1+ 42. Ke2 Rh2+ 43. Kd3 Rxc2 44. Kxc2 Bb4 45. Ne3 Bc5 46. Nc4 Bd4 47. Kd3 Kd5 48. Na3 e4+ 49. Ke2 Bc5 50. Nc2 Kc4 51. Ne1 a5 52. Nc2 a4 53. Ne1 c2 54. Nxc2 Kc3 55. Ne1 Kb2 56. Kd1 Bf2 57. Ng2 Bxg3 58. Ne3 Bxf4 59. Nxf5 Kxa2 60. Kc2 e3 61. Nd4 Ka3 62. Ne2 Be5 0-1

[Event "BRA-ch 88th"]
[Site "Recife"]
[Date "2022.12.19"]
[Round "7"]
[White "Haraguchi, Diego Sashaki"]
[Black "Alboredo, Julia"]
[Result "0-1"]
[WhiteElo "2057"]
[BlackElo "2213"]
[PlyCount "100"]
[EventDate "2022.12.15"]
[EventType "swiss"]
[EventRounds "11"]
[EventCountry "BRA"]
[SourceTitle "CBM 212 Extra"]
[Source "ChessBase"]
[SourceDate "2023.03.31"]
[SourceVersion "1"]
[SourceVersionDate "2023.03.31"]
[SourceQuality "1"]

1. d4 Nf6 2. c4 g6 3. Nf3 Bg7 4. g3 0-0 5. Bg2 d6 6. 0-0 c6 7. Nc3 Bf5 8. Nh4 Be6 9. d5 cxd5 10. cxd5 Bd7 11. Qb3 Na6 12. Bd2 Nc5 13. Qc2 a5 14. Rac1 b5 15. Be3 Rc8 16. Qd2 b4 17. Nb1 Nfe4 18. Bxe4 Nxe4 19. Qd3 Nf6 20. a3 Rxc1 21. Rxc1 Qb8 22. Qb3 bxa3 23. Qxb8 Rxb8 24. bxa3 Nxd5 25. Bd2 a4 26. e4 Nb6 27. Nf3 Be6 28. Bc3 Bxc3 29. Rxc3 Nc4 30. Rc1 Rb2 31. Nc3 Nxa3 32. Nxa4 Rb4 33. Nc3 Bg4 34. Nd2 Rd4 35. Nf1 e6 36. Kg2 g5 37. Ne3 Bh5 38. g4 Bg6 39. Kf3 Nc4 40. Nb5 Ne5+ 41. Ke2 Rd3 42. f3 h5 43. h3 Kg7 44. Rc7 hxg4 45. hxg4 d5 46. exd5 exd5 47. Rc5 Rb3 48. Nf5+ Bxf5 49. gxf5 Nd3 50. f6+ Kg6 0-1